Lannemezan - Choix Multiples - Statistiques

Statistiques générales
  • Ce quiz a été pris 8 fois
  • Le résultat moyen est 4 sur 10
Statistiques - réponses
Question Réponse % Correct
Sur le même sujet, laquelle de ces personnalités naquit à Lannemezan ? Antoine Dupont
75%
La ville organise souvent des rencontres sportives contre d'autres villes proches, sous l'effigie du ballon ovale. Comment appelle-t-on ces rencontres ? Des derbys
75%
Quelle photo représente l'hôpital psychiatrique de Lannemezan ?
63%
Avant que la ville ne commence à se construire, le plateau de Lannemezan était prisé par des bandits et des sorcières vouant un culte à... Akerbeltz
38%
Que veut dire "Lannemezan" ? La demi lune
38%
Quelle autoroute, aussi appelée "La Pyrénéenne", dessert la ville ? L'A64
25%
Quel est le plus long fleuve traversant le plateau de Lannemezan ? La Baïse
25%
De quel comté historique Lannemezan fait-elle partie ? Nébouzan
25%
Autour de 1945, la ville accueille plus d'un millier de ressortissants ..., ayant deserté après avoir été enrôlés de force par l'Allemagne. soviétiques
25%
L'asile psychiatrique de la ville devint notamment réputé grâce aux travaux de ..., psychiatre précurseur en neuropsychiatrie infantile et ergothérapie. Henri Ueberschlag
13%
Aucun quiz correspondant
Distribution des résultats
% des personnes avec chaque résultat
Percentile par nombre de réponses
Votre historique - résultats
Vous n’avez pas pris ce quiz